Normal view
MARC view
Entry Topical Term
001 - CONTROL NUMBER
- control field: 432944
003 - CONTROL NUMBER IDENTIFIER
- control field: OSt
005 - DATE AND TIME OF LATEST TRANSACTION
- control field: 20220928113427.0
008 - FIXED-LENGTH DATA ELEMENTS
- fixed length control field: 220928|| aca||aabn | a|a d
040 ## - CATALOGING SOURCE
- Original cataloging agency: OSt
- Transcribing agency: OSt
150 ## - HEADING--TOPICAL TERM
- Topical term or geographic name entry element: Philosophy-Sociology
670 ## - SOURCE DATA FOUND
- Source citation: Work cat.: (OSt)749424: Veltman Andrea Ed. 432943, Social and political philosophy, 2008
